Newton, Hegel, Marx a problém miery

Bibliographic Details
Main Author: Hanzal, Igor (Author)
Format: Article
Language:Slovak
ISSN:1335-0668
Subjects:

MARC

LEADER 00000nab a2200000 a 4500
001 vtls008951369
003 SK-MaSNL
005 20260305010718.0
008 250505c2003 xo qr|p|||||||000 b|slo
015 |a SNBRB2007/03 
035 |a (uuid)3208bb70-6a07-4f94-9d35-e4751327f5f4 
035 |a urn:nbn:sk:snk-ab9jes 
035 |a (urnnbn)urn:nbn:sk:snk:ar-a08gx1 
038 |a SNKBUCL 
040 |a SNKBUCL  |b slo  |c SNKBUCL  |e AACR2 
041 0 |a slo  |b eng 
044 |a xo  |c SK 
080 |a 164.032  |2 1997 
080 |a 101.3  |2 1997 
100 1 |a Hanzal, Igor  |4 aut  |9 1586279 
245 1 0 |a Newton, Hegel, Marx a problém miery  |c Igor Hanzel 
504 |a Bibliogr. odkazy 
546 |a Res. angl. 
600 1 7 |a Newton, Isaac,  |d 1642-1727  |2 snkbucl  |9 230104 
600 1 7 |a Hegel, Georg Wilhelm Friedrich,  |d 1770-1831  |2 snkbucl  |9 98026 
600 1 7 |a Marx, Karl,  |d 1818-1883  |2 snkbucl  |9 102765 
650 0 7 |a miera  |2 snkbucl  |9 661959 
650 0 7 |a meranie  |2 snkbucl  |9 884 
650 0 7 |a Kvantita  |2 snkbucl  |9 622882 
650 0 7 |a kvalita  |2 snkbucl  |9 1150 
773 0 |t Organon F  |g Roč. X, č. 4 (2003), s. 397-411  |x 1335-0668 
850 |a Slovenská národná knižnica 
852 |a Slovenská národná knižnica 
954 |a odborná, vedecká literatúra pôvodná (slovenská)  |2 lita 
958 |a article13 
958 |a OND 
958 |a SK 
958 |a NB 
958 |a EUIPO 
999 |c 3248209  |d 3250139